000
00294nam a2200097Ia 4500
082
_a
ST 604.2 BRIN
245
0
_a
Engineering drawing. NQF level 2 Learner's book
100
_a
BRINK, Chris Sandton [South Africa], 2005
_9
63336
942
_c
BK
008
210817s9999 xx 000 0 und d
999
_c
200667
_d
200664